Sú lieky na nezdravé portfóliá

Možnosti bánk zabrániť neželaným výkyvom hodnoty svojich finančných operácií dôsledným rizikovým manažmentom (RM). Analýza "value at risk". Programy agentúry Reuters pre RM. Štyri hlavné produkty riešiace rozličné úrovne RM. Prieskum HN o metódach, ktorými vyhodnocujú riziko naše banky.

Saved in:
Bibliographic Details
Main Author: Lichnerová, Tatiana
Format: Book Chapter
Language:Slovak
Subjects:
Tags: Add Tag
No Tags, Be the first to tag this record!

MARC

LEADER 00000naa a2200000 4500
001 r021797
005 20230801110143.9
041 0 |a slo 
044 |a SK 
245 1 0 |a Sú lieky na nezdravé portfóliá  |c Tatiana Lichnerová 
520 |a Možnosti bánk zabrániť neželaným výkyvom hodnoty svojich finančných operácií dôsledným rizikovým manažmentom (RM). Analýza "value at risk". Programy agentúry Reuters pre RM. Štyri hlavné produkty riešiace rozličné úrovne RM. Prieskum HN o metódach, ktorými vyhodnocujú riziko naše banky. 
610 2 0 |a Európska únia 
610 2 0 |a Slovensko 
610 2 0 |a Česko 
610 2 0 |a risk management 
610 2 0 |a bankovníctvo 
610 2 0 |a Reuters SA 
610 2 0 |a portfólio 
100 1 |a Lichnerová, Tatiana